Middle East & North Africa Map Quiz - Countries and Major Cities - Statistics

General Stats
  • This quiz has been taken 412 times
  • The average score is 20 of 43
Answers on the Map
Answers color-coded by a green-red scale on the quiz's map according to % correct below.
 
Answer Stats
Answer % Correct
Cyprus
72%
Egypt
66%
Turkey
65%
Saudi Arabia
63%
Yemen
63%
Israel
62%
Iraq
61%
Kuwait
61%
Iran
60%
Jordan
59%
Western Sahara
59%
Algeria
58%
Oman
58%
Lebanon
56%
Libya
55%
Morocco
55%
Qatar
54%
Syria
54%
United Arab Emirates
54%
Sudan
53%
Tunisia
51%
Palestinian Territories
46%
Kuwait City
43%
Baghdad
39%
Damascus
39%
Istanbul
39%
Algiers
37%
Bahrain
37%
Tehran
36%
Tunis
36%
Jerusalem
35%
Cairo
33%
Amman
32%
Ankara
32%
Beirut
32%
Tripoli
32%
Abu Dhabi
27%
Rabat
27%
Mecca
26%
Riyadh
26%
Khartoum
23%
Muscat
23%
Tel Aviv
23%
No matching quizzes found
Score Distribution
Percent of People with Each Score
Percentile by Number Answered
Your Score History
You have not taken this quiz